000 00190nam a22000857a 4500
003 SGT
245 _aISACA JOURNAL (JAN-JUNE)
260 _aNEW DELHI
_bMODULO RISK MANAGER
_c2010
942 _2ddc
_cBV
999 _c17024
_d17024